LEADER 01292nam a2200277 a 4500 001 000000126595 003 CaOOAMICUS 005 20111028113127.0 008 111021s2011 gw u000 u eng r 020 $a978-3-16-150838-7 040 $aPUL$bita 100 1 $aStephens, Mark B.$0(OLS)http://pul/name/80690 245 10$aAnnihilation or Renewal? :$bthe meaning and Function of New Creation in the Book of Revelation /$cMark B. Stephens. 260 $aTübingen :$bMohr Siebeck,$cİ2011. 300 $aXI, 343 p. ;$c24 cm 490 1 $aWissenschaftliche Untersuchungen zum Neuen Testament. Reihe 2 ;$v307 504 $aBibliografia p. [287]-312. 650 04$aRivelazione.$0(OLS)http://pul/subject/3064 830 0$aWissenschaftliche Untersuchungen zum Neuen Testament.$nReihe 2 ;$v307.$0(OLS)http://pul/title/264 850 $aPUL 852 $aPUL$W1$xSL Religione 1$y3$m16 I 307$j146376$qStampati$B145087$CPULBib$Z2$F145087 $H118063 $82 941 1 $a8 996 $6020$a978-3-16-150838-7$9(OLS)http://pul/number/148174 996 $6245$aAnnihilation or Renewal? :$bthe meaning and Function of New Creation in the Book of Revelation$9(OLS)http://pul/title/159903 996 $6260$aTübingen :$bMohr Siebeck$9(OLS)http://pul/publisher/52004 LEADER 01737nam a2200385 u 4500 001 000000041741 003 CaOOAMICUS 005 20160321142844.0 008 990210s1969 it u000 u ita u 032 $aLibriCat 035 $a10813795 040 $aPUL(R)$bita 041 1 $aita$hger 100 1 $aBoros, Ladislaus,$d1927-$0(OLS)http://pul/name/15765 240 10$aMysterium mortis.$lItaliano.$0(OLS)http://pul/title/56330 245 10$aMysterium mortis :$bl'uomo nella decisione ultima /$cLadislaus Boros ; editoriale e traduzione dal tedesco di Giuseppe Ruggeri. 260 $aBrescia :$bQueriniana,$c1969. 300 $a245 p.$c20 cm 490 1 $aGiornale di teologia ;$v37 504 $aBibliografia a piè pagina. 650 4$aMorte$xAspetti religiosi.$0(OLS)http://pul/subject/4358 700 1 $aRuggeri, Giuseppe.$0(OLS)http://pul/name/30712 830 0$aGiornale di teologia ;$v37.$0(OLS)http://pul/title/9027 850 $aPUL 852 $aPUL$W1$xSL Cons. Gen., Altre Classi 1$y1$m1392 A 37$j56505$nBK-PRI$bVol. non disponibile$qStampati$B56505$CPULBib$Z2$F56505 $82 852 $aPUL$W1$xDP1 Fondo S. Lanza$y121$m3 M 24.37$j167908$qFondi$B168467$CPULBib$Z2$F168467 $HLAN365 $82 852 $aPUL$W1$xDP1 Fondo Bordoni$y120$m3 F 37.37$j173183$qFondi$B175261$CPULBib$Z2$F175261 $HBor929 $81 941 1 $a8 941 1 $a1 961 $aINV: 32220; vol. non disponibile 961 $aNota ms. di possesso: Sergio Lanza 983 0$aGdT. 996 $6245$aMysterium mortis :$bl'uomo nella decisione ultima$9(OLS)http://pul/title/56331 996 $6260$aBrescia :$bQueriniana$9(OLS)http://pul/publisher/47906